Workshop Technology (Record no. 1308)

MARC details
000 -LEADER
fixed length control field 00448nam a2200169Ia 4500
008 - FIXED-LENGTH DATA ELEMENTS--GENERAL INFORMATION
fixed length control field 221030s9999 xx 000 0 und d
020 ## - INTERNATIONAL STANDARD BOOK NUMBER
ISBN 8185099146
041 ## - LANGUAGE CODE
Language code of text/sound track or separate title
082 ## - DEWEY DECIMAL CLASSIFICATION NUMBER
Classification number 105.23
Item number Haj
100 ## - MAIN ENTRY--AUTHOR NAME
Personal name Hajra Choudhary
245 #0 - TITLE STATEMENT
Title Workshop Technology
Sub Title Manufacturing Processes
Statement of responsibility, etc by Hajra Choudhary, Hajra Ch
260 ## - PUBLICATION, DISTRIBUTION, ETC. (IMPRINT)
Name of publisher Media Promoters,
Place of publication Mumbai
Year of publication 1997
300 ## - PHYSICAL DESCRIPTION
Number of Pages 653
650 ## - SUBJECT ADDED ENTRY--TOPICAL TERM
Topical Term BB Mechanics
700 ## - ADDED ENTRY--PERSONAL NAME
Personal name Hajra Ch
942 ## - ADDED ENTRY ELEMENTS (KOHA)
Koha item type Books
Holdings
Accession Number Cost, normal purchase price Full call number Price effective from Koha item type Withdrawn / writtenoff status Materials specified (bound volume or other part) Damaged status Not for loan Permanent Location Current Location Shelving location Date acquired Lost/ Missing status department
BB 53 160.00 105.23 Haj 10/30/2022 Books   Print     MIET Library, Jammu MIET Library, Jammu BL-Second, FL-1, CUP-100, SH-4, R-4 06/19/2003   BB